Statistiken für Deutsche Fußballspieler mit dem höchsten Marktwert

Klicken Sie hier um das Quiz zu spielen!

Allgemein

  • Dieses Quiz wurde 1.193 mal gespielt
    (1.084 seit der letzten Aktualisierung)
  • Das Durchschnittsergebnis liegt bei 40 aus 100

Antwortstatistiken

RangVereinMarktwertSpielerGeburtsjahr% Korrekt
1Bayern München85 Mio €Joshua Kimmich1995
96%
2FC Chelsea70 Mio €Kai Havertz1999
94%
2Bayern München70 Mio €Leroy Sane1996
93%
9FC Chelsea42 Mio €Timo Werner1996
93%
38Bayern München14 Mio €Manuel Neuer1986
92%
8FC Barcelona45 Mio €Marc-Andre ter Stegen1992
91%
2Bayern München70 Mio €Serge Gnabry1995
91%
16Bayern München25 Mio €Thomas Müller1989
90%
10FC Chelsea35 Mio €Antonio Rüdiger1993
89%
70VfB Stuttgart6 Mio €Florian Müller1997
89%
2Bayern München70 Mio €Leon Goretzka1995
89%
2Bayer Leverkusen70 Mio €Florian Wirtz2003
88%
10Manchester City35 Mio €Ilkay Gündogan1990
88%
7Bayern München55 Mio €Jamal Musiala2003
87%
16Real Madrid25 Mio €Toni Kroos1990
87%
10Atalanta Bergamo35 Mio €Robin Gosens1994
83%
26Paris Saint-Germain20 Mio €Julian Draxler1993
79%
39Borussia Dortmund13 Mio €Marco Reus1989
78%
10Bayern München35 Mio €Niklas Süle1995
78%
10RB Salzburg35 Mio €Karim Adeyemi2002
73%
51Borussia Dortmund9 Mio €Mats Hummels1988
73%
15SC Freiburg28 Mio €Nico Schlotterbeck1999
72%
16Paris Saint-Germain25 Mio €Thilo Kehrer1996
70%
23AS Monaco22 Mio €Kevin Volland1992
69%
41PSV Eindhoven12 Mio €Mario Götze1992
67%
21Borussia M'gladbach24 Mio €Matthias Ginter1994
66%
16Borussia Dortmund25 Mio €Julian Brandt1996
63%
23Benfica Lissabon22 Mio €Julian Weigl1995
57%
22RB Leipzig23 Mio €Lukas Klostermann1996
57%
34Borussia M'gladbach16 Mio €Jonas Hofmann1992
54%
16Bayer Leverkusen25 Mio €Jonathan Tah1996
54%
68Eintracht Frankfurt6,5 Mio €Kevin Trapp1990
54%
41SC Freiburg12 Mio €Christian Günter1993
50%
84Hellas Verona5 Mio €Koray Günter1994
50%
30TSG Hoffenheim17 Mio €David Raum1998
48%
34Borussia Dortmund16 Mio €Emre Can1994
47%
84Olympique Lyon7 Mio €Jerome Boateng1988
47%
30VfL Wolfsburg17 Mio €Maximilian Arnold1994
47%
46FC Arsenal10 Mio €Bernd Leno1992
46%
30Leeds United17 Mio €Robin Koch1996
45%
61RB Leipzig7 Mio €Marcel Halstenberg1991
43%
23Borussia M'gladbach22 Mio €Florian Neuhaus1997
42%
28VfL Wolfsburg18 Mio €Lukas Nmecha1998
39%
54PSV Eindhoven8 Mio €Phillip Max1993
37%
36Borussia Dortmund15 Mio €Youssoufa Moukoko2004
37%
41RB Leipzig12 Mio €Benjamin Henrichs1997
36%
26VfL Wolfsburg20 Mio €Ridle Baku1998
36%
36Bayer Leverkusen15 Mio €Kerem Demirbay1993
33%
28Borussia Dortmund18 Mio €Mahmoud Dahoud1996
33%
70Borussia Dortmund6 Mio €Nico Schulz1993
31%
61Brighton & Hove Albion7 Mio €Pascal Groß1991
31%
70AS Monaco6 Mio €Alexander Nübel1996
30%
46SSC Neapel10 Mio €Diego Demme1991
30%
84TSG Hoffenheim5 Mio €Oliver Baumann1990
30%
39Bayer Leverkusen13 Mio €Robert Andrich1994
24%
301.FSV Mainz17 Mio €Jonathan Burkardt200
23%
84Borussia Dortmund5 Mio €Marius Wolf1995
23%
46FC Augsburg10 Mio €Niklas Dorsch1998
23%
51Genua CFC9 Mio €Nadiem Amiri1996
20%
541.FSV Mainz8 Mio €Anton Stach1998
19%
99Greuther Fürth4,5 Mio €Jamie Leweling2001
19%
61VfL Wolfsburg7 Mio €Luca Waldschmidt1996
19%
57VfL Bochum7,5 Mio €Armel Bella Kotchap2001
18%
57Hertha BSC7,5 Mio €Niklas Stark1995
17%
51Hertha BSC9 Mio €Suat Serdar1997
16%
84FC Augsburg5 Mio €Arne Maier1999
15%
61SC Freiburg7 Mio €Kevin Schade2001
15%
61Arm. Bielefeld7 Mio €Amos Pieper1997
14%
84Eintracht Frankfurt5 Mio €Ansgar Knauff2002
14%
54Nashville SC8 Mio €Hany Mukhtar1995
14%
68SC Freiburg6,5 Mio €Lucas Höler1994
14%
61Hertha BSC7 Mio €Marco Richter1997
14%
57Fenerbahce7,5 Mio €Mergim Berisha1998
14%
41FC Brentford12 Mio €Vitaly Janelt1998
14%
78FC Augsburg5,5 Mio €Rani Khedira1994
13%
841.FSV Mainz5 Mio €Robin Zentner1994
13%
70Arm. Bielefeld6 Mio €Stefan Ortega1992
13%
84Borussia M'gladbach5 Mio €Luca Netz2003
12%
78VfL Wolfsburg5,5 Mio €Maximilian Phillip1994
12%
78VfL Wolfsburg5,5 Mio €Yannick Gerhardt1994
12%
61AS Monaco7 Mio €Ismail Jakobs1999
11%
84KAA Gent5 Mio €Jordan Torunarigha1997
11%
84Schalke 045 Mio €Malick Thiaw2001
11%
57SC Freiburg7,5 Mio €Maximilian Eggestein1996
11%
99Hertha BSC4,5 Mio €Maximilian Mittelstädt1997
11%
70Union Berlin6 Mio €Robin Knoche1992
11%
46TSG Hoffenheim10 Mio €Dennis Geiger1998
10%
46SC Freiburg10 Mio €Marvin Friedrich1995
10%
84Union Berlin5 Mio €Timo Baumgartl1996
10%
78Union Berlin5,5 Mio €Grischa Prömmel1995
9%
41FC Augsburg12 Mio €Felix Uduokhai1997
8%
701.FSV Mainz6 Mio €Dominik Kohr1994
7%
84US Sassuolo5 Mio €Jeremy Toljan1994
7%
78Hertha BSC5,5 Mio €Marc Oliver Kempf1995
7%
70VfB Stuttgart6 Mio €Waldemar Anton1996
7%
70TSG Hoffenheim6 Mio €Angelo Stiller2001
6%
781.FC Köln5,5 Mio €Jan Thielmann2002
6%
84Hertha BSC5 Mio €Marton Dardai2002
5%
84VfL Bochum5 Mio €Maxim Leitsch1998
5%
84Eintracht Frankfurt5 Mio €Christopher Lenz1994
2%

Verteilung der Resultate

Perzentil nach korrekt beantworteten Fragen

Anzahl Personen mit jedem Resultat

Ihre Resultats-Entwicklung

Sie haben dieses Quiz seit der letzten Aktualisierung nicht gespielt